| 000 | 01004nam a22003017a 4500 | ||
|---|---|---|---|
| 005 | 20260130113323.0 | ||
| 008 | 260130t ||||| |||| 00| 0 spa d | ||
| 020 | _a9786287634824 | ||
| 040 |
_aCO-BoUCM _cDavid Moreno _dDavid Moreno |
||
| 041 | _aspa | ||
| 100 | 1 |
_aSaito, Kohei _9187815 |
|
| 245 | 1 | 0 |
_aSlow down _bKohei Saito |
| 250 | _a1a.Ed | ||
| 260 |
_aBarcelona, España _bEdiciones B _c2025 |
||
| 300 | _a336 páginas | ||
| 650 | 1 | 4 |
_aÉtica en los negocios _9121 |
| 650 | 1 | 4 |
_aEconomía sostenible _9183722 |
| 650 | 1 | 4 |
_aResponsabilidad social empresarial _9178851 |
| 650 | 1 | 4 |
_aDecrecimiento económico _9187816 |
| 650 | 1 | 4 |
_aEconomía política _913709 |
| 650 | 1 | 4 |
_aCapitalismo contemporáneo _9187817 |
| 650 | 1 | 4 |
_aCrisis climática _9187818 |
| 650 | 1 | 4 |
_aSostenibilidad económica _9187819 |
| 650 | 1 | 4 |
_aEconomía ecológica _9187820 |
| 653 | _aModelos económicos alternativos | ||
| 942 |
_2DEWEY _a16 _cLIBRO _e1 _h658.408 _mS158s _n0 |
||
| 999 |
_c326032 _d326032 |
||